University of the Philippines (UP) and University of Santo Tomas (UST) : (Record no. 99086)
[ view plain ]
| 000 -LEADER | |
|---|---|
| fixed length control field | 02331nam a2200217 a 4500 |
| 003 - CONTROL NUMBER IDENTIFIER | |
| control field | 0 |
| 005 - DATE AND TIME OF LATEST TRANSACTION | |
| control field | 20250213093628.0 |
| 008 - FIXED-LENGTH DATA ELEMENTS--GENERAL INFORMATION | |
| fixed length control field | 130905s19uu xx 00 eng d |
| 050 ## - LIBRARY OF CONGRESS CALL NUMBER | |
| Classification number | PHS LA 1297 |
| Item number | .D291 2012 |
| 100 ## - MAIN ENTRY--PERSONAL NAME | |
| Personal name | De Castro, Denise Ira O. |
| 245 ## - TITLE STATEMENT | |
| Title | University of the Philippines (UP) and University of Santo Tomas (UST) : |
| Remainder of title | a comparative review in terms of quality education / |
| Statement of responsibility, etc | Denise Ira O. De Castro. |
| 260 ## - PUBLICATION, DISTRIBUTION, ETC. (IMPRINT) | |
| Place of publication, distribution, etc | Las Piñas City, Philippines : |
| Name of publisher, distributor, etc | Southville International School and Colleges, |
| Date of publication, distribution, etc | 2012. |
| 300 ## - PHYSICAL DESCRIPTION | |
| Extent | 65 pages : |
| Other physical details | illustrations ; |
| Dimensions | 28 cm. |
| 504 ## - BIBLIOGRAPHY, ETC. NOTE | |
| Bibliography, etc | Includes bibliographical references. |
| 520 ## - SUMMARY, ETC. | |
| Summary, etc | The purpose of this study was to find the relationship between fitness with self-esteem. As though people who are fit tend to have a high self-esteem because of confidence as to people who are not fit tend to have low self esteem and not have enough confidence with themselves.<br/><br/> The researcher studied that when the questionnaires were given out randomly to 50 students in Southville International School and Colleges. Studies show that more people are normal weight when being tabulated and checked. Meaning those students who have normal weight tend to stay healthy and exercise. But some studies were also shown that a lot of underweight students were also calculated, and being underweight is not healthy, and some students are overweight as well meaning they tend to eat a lot and not have enough physical exercise.<br/><br/> the research recommend that we should motivate and help out people who have low self-esteem and motivate people who aren’t in the proper normal weight. Because studies show that people who are overweight have mostly low self-esteem with themselves meaning they aren’t that confident with their body unlike people who are normal weight and underweight because they aren’t being compared on judged. So meaning we should help out people who have low self-esteem and get them fit so that during the end of the day they have something to achieve in their lives instead of being laughed at or getting bullied.<br/> <br/><br/><br/><br/> |
| 650 ## - SUBJECT ADDED ENTRY--TOPICAL TERM | |
| Topical term or geographic name as entry element | Education, Higher |
| Geographic subdivision | Philippines |
| Form subdivision | Comparative studies. |
| 650 ## - SUBJECT ADDED ENTRY--TOPICAL TERM | |
| Topical term or geographic name as entry element | Educational quality |
| Geographic subdivision | Philippines. |
| 650 ## - SUBJECT ADDED ENTRY--TOPICAL TERM | |
| Topical term or geographic name as entry element | University of the Philippines |
| Form subdivision | Evaluation. |
| 650 ## - SUBJECT ADDED ENTRY--TOPICAL TERM | |
| Topical term or geographic name as entry element | University of Santo Tomas |
| Form subdivision | Evaluation. |
| 942 ## - ADDED ENTRY ELEMENTS (KOHA) | |
| Source of classification or shelving scheme | Library of Congress Classification |
| Koha item type | PASS |
| Withdrawn status | Lost status | Source of classification or shelving scheme | Damaged status | Home library | Current library | Shelving location | Date acquired | Source of acquisition | Total Checkouts | Full call number | Barcode | Date last seen | Price effective from | Koha item type |
|---|---|---|---|---|---|---|---|---|---|---|---|---|---|---|
| Library of Congress Classification | Luxembourg Library | Luxembourg Library | Portfolio Assessment of SISC Students Section | 09/05/2013 | Donation | PHS LA 1297 .D291 2012 | P3188 | 11/28/2019 | 04/08/2014 | PASS |